[Event "GRE-chT Schools Lykeia 16th"]
[Site "Peristeri"]
[Date "2018.03.31"]
[Round "1.3"]
[White "Koliousis, Nikolaos"]
[Black "Stefanatos, Gerasimos"]
[Result "1-0"]
[WhiteElo "1253"]
[BlackElo "1557"]
[PlyCount "153"]
[EventDate "2018.03.31"]
[EventType "team-swiss (rapid)"]
[EventRounds "6"]
[EventCountry "GRE"]
[SourceTitle "EXT 2019"]
[Source "ChessBase"]
[SourceDate "2018.10.10"]
[SourceVersion "1"]
[SourceVersionDate "2018.10.10"]
[SourceQuality "1"]

1. e4 c5 2. c4 Nc6 3. Nc3 d6 4. Nf3 Nf6 5. h3 g6 6. d3 Bg7 7. Be2 0-0 8. 0-0 Bd7 9. Bg5 Qb6 10. b3 Rac8 11. Bxf6 Bxf6 12. Nd5 Qd8 13. Nxf6+ exf6 14. d4 Re8 15. d5 Ne7 16. Bd3 Qc7 17. Re1 a6 18. a3 b5 19. Rc1 bxc4 20. Bxc4 Bb5 21. Nd2 f5 22. a4 Bxc4 23. Nxc4 fxe4 24. Rxe4 Nf5 25. Qe2 Rxe4 26. Qxe4 Nd4 27. Nd2 Qd7 28. Qd3 Qb7 29. Rb1 Re8 30. Nf3 Qxd5 31. Nxd4 Qxd4 32. Qxd4 cxd4 33. Kf1 Rb8 34. Ke2 Rb4 35. Kd3 Kf8 36. Ke4 Ke7 37. Kd3 Ke6 38. Re1+ Kf6 39. Kc2 d3+ 40. Kc3 Rf4 41. f3 Rf5 42. Kxd3 Re5 43. Rc1 Ke6 44. Rc6 Rd5+ 45. Ke2 Re5+ 46. Kf2 Ra5 47. Rc8 Rc5 48. Re8+ Kd7 49. Rf8 Ke7 50. Ra8 Rc2+ 51. Kg3 Rc3 52. Ra7+ Ke6 53. Rb7 a5 54. Kf4 Rc2 55. g4 Rc3 56. Rb5 h6 57. Ke4 g5 58. Rb8 d5+ 59. Kd4 Rxf3 60. Rb6+ Ke7 61. Rxh6 Rxb3 62. Kxd5 Rb4 63. Ke5 Rxa4 64. Ra6 Ra1 65. Ra7+ Kf8 66. Kf6 Rf1+ 67. Kxg5 Rh1 68. h4 Ra1 69. h5 Re1 70. Rxa5 Re6 71. Kf5 Kg7 72. Re5 Rb6 73. g5 Kf8 74. h6 Rg6 75. Rc5 Re6 76. Rc8+ Ke7 77. h7 1-0